5HLuxD.jpg

KING HENRY VIII SENIOR AND PRIMARY SCHOOL LIBRARY OPAC

Chinese Made Easy: (Record no. 4268)

000 -LEADER
fixed length control field 01036nam a22002297a 4500
003 - CONTROL NUMBER IDENTIFIER
control field OSt
005 - DATE AND TIME OF LATEST TRANSACTION
control field 20250204140639.0
008 - FIXED-LENGTH DATA ELEMENTS--GENERAL INFORMATION
fixed length control field 250204b ||||| |||| 00| 0 eng d
020 ## - INTERNATIONAL STANDARD BOOK NUMBER
International Standard Book Number 9789620434686
040 ## - CATALOGING SOURCE
Transcribing agency KH8
082 ## - DEWEY DECIMAL CLASSIFICATION NUMBER
Classification number 495.1 MA
100 ## - MAIN ENTRY--PERSONAL NAME
Personal name Ma, Yamin,
Relator term author.
245 ## - TITLE STATEMENT
Title Chinese Made Easy:
Remainder of title Workbook 4 /
Statement of responsibility, etc. Yamin Ma and Xinying Li.
260 ## - PUBLICATION, DISTRIBUTION, ETC.
Place of publication, distribution, etc. Hong Kong ;
Name of publisher, distributor, etc. Joint Publishing (H. K.) Co., Ltd. ,
Date of publication, distribution, etc. 2015.
300 ## - PHYSICAL DESCRIPTION
Extent 203 pages:
Other physical details illustrations ;
Dimensions 28 cm.
490 ## - SERIES STATEMENT
Series statement Chinese Made Easy
Volume/sequential designation 4
520 ## - SUMMARY, ETC.
Summary, etc. Chinese Made Easy (Book 1-7) adopts a unique approach to teaching Chinese as a foreign/second language. The teaching approach adapts widely-accepted foreign language teaching theories to the teaching of the Chinese Language. This series is designed for young students taking exams such as SAT II, IGCSE, IB, HSK or for those students who are starting to learn Chinese on their own.
650 ## - SUBJECT ADDED ENTRY--TOPICAL TERM
Topical term or geographic name entry element Mandarin
Form subdivision practice book
650 ## - SUBJECT ADDED ENTRY--TOPICAL TERM
Topical term or geographic name entry element Mandarin
Form subdivision assessment
700 ## - ADDED ENTRY--PERSONAL NAME
Personal name Li, Xinyi,
Relator term author.
942 ## - ADDED ENTRY ELEMENTS (KOHA)
Source of classification or shelving scheme
Koha item type Books - Non Ficton
Holdings
Withdrawn status Lost status Source of classification or shelving scheme Damaged status Not for loan Collection code Permanent Location Current Location Shelving location Date acquired Full call number Barcode Date last seen Price effective from Koha item type
          Non-Fiction KH8 Senior School Library KH8 Senior School Library Non Fiction 2025-02-04 495.1 MA 3KHSL000102177 2025-02-04 2025-02-04 Books - Non Ficton

Powered By KH8 IT Dept